|
|
|
|
| LEADER |
00000naa2a2200000 4500 |
| 001 |
630725 |
| 005 |
20231101133627.0 |
| 035 |
|
|
|a (RuTPU)RU\TPU\conf\32027
|
| 035 |
|
|
|a RU\TPU\conf\32020
|
| 090 |
|
|
|a 630725
|
| 100 |
|
|
|a 20191224d2019 k y0rusy50 ca
|
| 101 |
0 |
|
|a rus
|d eng
|
| 102 |
|
|
|a RU
|
| 105 |
|
|
|a y z 101zy
|
| 135 |
|
|
|a drcn ---uucaa
|
| 181 |
|
0 |
|a i
|
| 182 |
|
0 |
|a b
|
| 200 |
1 |
|
|a Построение модели производственно-экономических процессов, анализ проблем и рисков проведения опытно-конструкторских работ на высокотехнологичном предприятии
|d Construction of the model of production and economic processes, analysis of problems and risks of carrying out development works at a high-tech enterprise
|f А. В. Прошкин, Е. А. Монастырный
|
| 203 |
|
|
|a Текст
|c электронный
|
| 225 |
1 |
|
|a Цифровая экономика
|
| 230 |
|
|
|a 1 компьютерный файл (pdf; 307 Kb)
|
| 300 |
|
|
|a Заглавие с титульного экрана
|
| 320 |
|
|
|a [Библиогр.: с. 280-281 (6 назв.)]
|
| 330 |
|
|
|a The authors have developed a model of production and economic processes at a high-tech enterprise. On its basis the analysis of realization of concrete projects is carried out. The analysis has allowed to reveal and carry out systematization of risks at a stage of developmental works.
|
| 463 |
|
1 |
|0 (RuTPU)RU\TPU\conf\31887
|t Информационные технологии в науке, управлении, социальной сфере и медицине
|o сборник научных трудов VI Международной конференции, 14-19 октября 2019 г., Томск
|f Национальный исследовательский Томский политехнический университет (ТПУ) ; ред. кол. О. Г. Берестнева [и др.]
|v [278-281]
|d 2019
|
| 510 |
1 |
|
|a Construction of the model of production and economic processes, analysis of problems and risks of carrying out development works at a high-tech enterprise
|z eng
|
| 610 |
1 |
|
|a электронные ресурсы
|
| 610 |
1 |
|
|a труды учёных ТПУ
|
| 610 |
1 |
|
|a high-tech enterprise
|
| 610 |
1 |
|
|a model of production and economic processes
|
| 610 |
1 |
|
|a systematization of risks
|
| 610 |
1 |
|
|a высокотехнологические предприятия
|
| 610 |
1 |
|
|a производственно-экономические процессы
|
| 610 |
1 |
|
|a систематизация
|
| 610 |
1 |
|
|a риски
|
| 610 |
1 |
|
|a опытно-конструкторские работы
|
| 700 |
|
1 |
|a Прошкин
|b А. В.
|
| 701 |
|
1 |
|a Монастырный
|b Е. А.
|c экономист
|c профессор Томского политехнического университета, доктор экономических наук
|f 1954-
|g Евгений Александрович
|2 stltpush
|3 (RuTPU)RU\TPU\pers\33657
|
| 712 |
0 |
2 |
|a Национальный исследовательский Томский политехнический университет
|b Школа инженерного предпринимательства
|c (2017- )
|h 7949
|2 stltpush
|3 (RuTPU)RU\TPU\col\23544
|
| 801 |
|
2 |
|a RU
|b 63413507
|c 20200121
|g RCR
|
| 856 |
4 |
|
|u http://earchive.tpu.ru/handle/11683/57402
|
| 942 |
|
|
|c BK
|